000 00561nam a2200229Ia 4500
008 181129s9999 xx 000 0 und d
020 _a9781472344489
050 _a641.8
050 _bP275 2014
245 0 _aParty food :
245 0 _beveryday recipes to enjoy /
260 _aManila, Philippines :
260 _bWS Pacific Publications, Inc,
260 _c2014
300 _a30 pages :
300 _bcolor illustrations ;
300 _c24cm.
650 _aAppetizers.
650 _aCooking.
650 _aEntertaining.
650 _aParties.
999 _c360159
_d360159